Namenszusätze deutscher Zweitligisten - Statistiken

Allgemein
  • Dieses Quiz wurde 317 mal gespielt
  • Das Durchschnittsergebnis liegt bei 17 aus 35
Antwortstatistiken
Anzahl Lösung % Korrekt
4 Borussia
84%
4 Eintracht
78%
2 Bayer
76%
1 Dynamo
74%
2 Fortuna
73%
2 Union
70%
1 Hansa
67%
1 Hertha
66%
3 Kickers
66%
5 Rot-Weiß
65%
1 Greuther
64%
1 Holstein
63%
1 Bayern
61%
1 Alemannia
60%
1 Werder
60%
2 Arminia
59%
1 Preußen
54%
1 Blau-Weiß
52%
1 Energie
51%
1 Waldhof
49%
1 Erzgebirge
47%
1 Tennis
46%
1 Jahn
39%
2 Viktoria
38%
1 Wehen
34%
1 Carl Zeiss
32%
1 Schwarz-Weiß
32%
1 Hessen
28%
1 Sportfreunde
22%
2 Wacker
20%
1 Wormatia
16%
1 Stahl
13%
1 Westfalia
10%
1 Olympia
7%
1 Röchling
5%
Keine übereinstimmenden Quizze gefunden
Verteilung der Resultate
Anzahl Personen mit jedem Resultat
Perzentil nach korrekt beantworteten Fragen
Ihre Resultats-Entwicklung
Sie haben dieses Quiz noch nicht gespielt